000
00319nam a22001337a 4500
008
171107b xxu||||| |||| 00| 0 eng d
020
_a
9780130342270
041
_a
eng
080
_2
12 ED
_a
330.722.6
100
_a
62
101
_a
KON
245
_a
INTRODUCTION TO MANGEMENT ACCOUTING
_c
SUNDEM.H
942
_2
udc
_c
BK
999
_c
38055
_d
38055